| 000 | 00383nam a2200121Ia 4500 | ||
|---|---|---|---|
| 008 | 160523s9999 xx 000 0 und d | ||
| 100 | _aPollack, Mark. | ||
| 245 | _aSpring Data: Modern Data Access for Enterprise Java | ||
| 245 | _c Mark Pollack, et al. | ||
| 260 | _c2012 | ||
| 650 | _xInformation Technology. | ||
| 856 | _uhttps://www.academia.edu/5530671/Spring_data?auto=download | ||
| 999 |
_c294752 _d294752 |
||